|
|
|
|
| LEADER |
00000nam0a2200000 4500 |
| 001 |
331945 |
| 005 |
20231102004416.0 |
| 035 |
|
|
|a (RuTPU)RU\TPU\book\357829
|
| 090 |
|
|
|a 331945
|
| 100 |
|
|
|a 20170511d1976 m y0rusy50 ca
|
| 101 |
0 |
|
|a rus
|
| 102 |
|
|
|a RU
|
| 105 |
|
|
|a a j 001zy
|
| 200 |
1 |
|
|a Разрушение горных пород взрывом
|e учебник
|f П. Я. Таранов, А. Г. Гудзь
|
| 205 |
|
|
|a 3-е изд., перераб. и доп.
|
| 210 |
|
|
|a Москва
|c Недра
|d 1976
|
| 215 |
|
|
|a 253 с.
|c ил.
|
| 320 |
|
|
|a Библиогр.: с. 249-250
|
| 606 |
1 |
|
|a Горные породы
|x Разрушение при взрывании
|x Исследование
|2 stltpush
|3 (RuTPU)RU\TPU\subj\8047
|9 35540
|
| 610 |
1 |
|
|a разрушение взрывом
|
| 610 |
1 |
|
|a взрывчатые вещества
|
| 610 |
1 |
|
|a средства
|
| 610 |
1 |
|
|a способы
|
| 610 |
1 |
|
|a принадлежности
|
| 610 |
1 |
|
|a хранение
|
| 610 |
1 |
|
|a транспортирование
|
| 610 |
1 |
|
|a заряды
|
| 610 |
1 |
|
|a расчет
|
| 610 |
1 |
|
|a подземные выработки
|
| 610 |
1 |
|
|a буровые работы
|
| 610 |
1 |
|
|a взрывные работы
|
| 610 |
1 |
|
|a шпуры
|
| 610 |
1 |
|
|a скважины
|
| 610 |
1 |
|
|a бурение
|
| 610 |
1 |
|
|a буровые инструменты
|
| 610 |
1 |
|
|a бурильные машины
|
| 610 |
1 |
|
|a бурильные установки
|
| 610 |
1 |
|
|a учебники
|
| 675 |
|
|
|a 622.236.4(075.8)
|v 4
|
| 700 |
|
1 |
|a Таранов
|b П. Я.
|g Петр Яковлевич
|
| 701 |
|
1 |
|a Гудзь
|b А. Г.
|g Александр Григорьевич
|
| 801 |
|
1 |
|a RU
|b 63413507
|c 20170511
|
| 801 |
|
2 |
|a RU
|b 63413507
|c 20170512
|g RCR
|
| 942 |
|
|
|c BK
|